000 00855nam a2200277 a 4500
001 43216
003 BD-RjUL
005 20211209053650.0
008 160620s1995 ii s 000 0 eng
020 _a8171693490
035 _a(BD-RjUL)43334
040 _aDLC
_cDLC
_beng
_dBD-RjUL
041 _aeng
082 0 0 _a370.82
_220
_bSTA 1995
245 0 0 _aStatistical survey of women education /
_cedited by Usha Sharma, B.M. Sharma.
250 _a1st ed.
260 _aNew Delhi :
_bCommonwealth Publishers,
_c1995.
300 _aix, 351 p. ;
_c22 cm.
500 _aChiefly statistical tables.
650 0 _aWomen
_xEducation
_zIndia
_xStatistics.
_9132737
700 1 _aSharma, Usha.
_9127057
700 1 _aSharma, B. M.
_9132738
942 _2ddc
_cBK
999 _c43216
_d43216